000 00443nam a2200181Ia 4500
001 21389
005 20260306172915.0
008 260306t2009||||xx |||||||||||||| ||spa||
041 _aESP
082 _a344.83
_bF35
100 _aFeijoo Sánchez , Bernardo
_eAUT
245 0 _aCuestiones de derecho penal económico
260 _c2009
300 _a306 páginas :
_c23 cm.
650 _aGEN
654 _aCDE
942 _cLIB
_dJUS
_fJUS
_2ddc
_n
999 _c21389
_d21389